Interfacial phenomena /

Bibliographic Details
Main Author: Davies, J. T. (John Tasman), 1924-1987
Other Authors: Rideal, Eric K. (Eric Keightley), Sir, 1890-
Format: Book
Language:English
Published: New York : Academic Press, 1963.
Edition:2d ed.
Subjects:

MARC

Tag First Indicator Second Indicator Subfields
LEADER 00000cam a2200000 4500
001 in00000041580
005 20151007074625.0
008 730907s1963 nyua b 00010 eng u
010 |a  63006951  
035 |a (OCoLC)00686292 
035 |9 AAF1830AM 
040 |c WSU  |d TXA  |d UtOrBLW 
049 |a TXAM  |c [400153] 
090 |a QD506  |b .D34 1963 
092 |a 541.3453  |b D256i, 1963 
100 1 |a Davies, J. T.  |q (John Tasman),  |d 1924-1987. 
245 1 0 |a Interfacial phenomena /  |c [by] J. T. Davies [and] E. K. Rideal. 
250 |a 2d ed. 
264 1 |a New York :  |b Academic Press,  |c 1963. 
300 |a xiii, 480 pages :  |b illustrations, diagrams ;  |c 24 cm. 
336 |a text  |b txt  |2 rdacontent 
337 |a unmediated  |b n  |2 rdamedia 
338 |a volume  |b nc  |2 rdacarrier 
504 |a Includes bibliography. 
536 |a From the library of Dr. Norman Heidelbaugh, February 2007. 
650 0 |a Surface chemistry. 
700 1 |a Rideal, Eric K.  |q (Eric Keightley),  |c Sir,  |d 1890- 
999 |a MARS 
999 f f |s b1ebfceb-0f6a-37e2-b68c-a99f7d6cc7b1  |i f640b782-9f28-3387-bcd3-be8a61bf7487  |t 0 
952 f f |p normal  |a Texas A&M University  |b College Station  |c Sterling C. Evans Library  |s Evans stk  |d Evans: Library Stacks  |t 0  |e QD506 .D34 1963  |h Library of Congress classification  |i unmediated -- volume  |m A14835646993 
998 f f |a QD506 .D34 1963  |t 0  |l Evans: Library Stacks